| 000 | 00831nam0a22002531 4500 | ||
|---|---|---|---|
| 001 | rc\3821694 | ||
| 005 | 20250530062611.0 | ||
| 021 |
_aRU _bРг387-76 |
||
| 021 |
_aRU _b75-52405 |
||
| 035 | _a(NLR Aleph) 007270825 | ||
| 090 |
_a5407495 _c5407495 |
||
| 100 | _a20120410d1975 |||y0rusy50 ca | ||
| 101 | 0 | _arus | |
| 102 |
_aRU _aRU |
||
| 105 | _ay z ||||| | ||
| 200 | 1 |
_aСельскохозяйственный отряд рабочего класса Узбекистана в период строительства социализма (1924-1941 гг.) _fАН УзССР. Ин-т истории |
|
| 210 |
_aТашкент _cФан _d1975 |
||
| 215 |
_a195 с. _d21 |
||
| 700 | 1 |
_aНуруллаев _bА.Н. |
|
| 801 | 0 |
_aRU _bNLR _gpsbo |
|
| 801 | 1 |
_aRU _bELAR _2rusmarc |
|
| 852 |
_aNLR _j76-3/65 |
||
| 942 | _cBOOK | ||
| 980 | _aNB | ||